000 00261nam a2200097Ia 4500
008 200302s9999 xx 000 0 und d
100 _aFrancis D. K. Ching
245 _aBuilding Construction Illustrated 4rd ed.,
260 _bJohn Wiley & Sons Inc.
260 _c2008
999 _c3239
_d3239